000 01375nam a2200361 c 4500
003 BLK
005 20241130134526.0
008 180410b bul|||||r ||||||| ||bul||
010 _aKNG00161981000
020 _a978-954-783-182-7
_bиздат.: Intense
040 _aBLK
041 _aBUL
_cBUL
072 7 _2bullib
_aН83
_xЧужда художествена литература Н
080 _aАмериканска литература (на САЩ)
_b821.111(73)
_x-312.4
_z821.111(73)-312.4
100 1 _aХигинс, Джордж
_eпърви автор
_9332787
700 1 _aСтоянов, Тодор
_eпрев.
_9364593
139 _aХигинс, Джордж
_bХ 48
245 1 0 _aУбивай ги нежно
_bРоман
_cДжордж Хигинс; прев. Тодор Стоянов.
257 _aUSA
260 София
_bIntense
_c2012
_fСофия : Симолини
300 _a208 с.
_c21 см
380 _aX
500 _aОриг. загл. Cogan's Trade / George V. Higgins. - Бележки за автора.
653 _aкрими
653 _aромани
659 _aН
852 _aЦб 269351
856 4 _qpdf
_u
856 4 _qpdf
_u
942 _cKNG
_n0
_042
944 _aCR
_c13.06.2014
_lИвелин Русев
_k30563
944 _aED
_c05.07.2017
_lф /
_kЛюдмила_Стоянова
999 _c155307
_d155307